Cultura general - Estadísticas

Estadísticas generales
  • Esta prueba ha sido intentada 145 veces
  • La puntuación promedio es 6 de 20
Estadísticas de respuestas
Hint Respuesta % Correcto
¿Con qué nombre se conoce la batalla en la que se derrotó a Napoleón? Waterloo
61%
¿Quién es el autor de la ópera La Flauta Mágica? Wolfgang Amadeus Mozart
50%
¿A qué país tendrías que ir para ver el Atomium? Bélgica
49%
¿Qué pintor noruego es el autor de El Grito? Edvard Munch
48%
¿Qué ciudad se llamó inicialmente Nueva Amsterdam? Nueva York
45%
¿Cómo se llama el espectacular mausoleo ubicado en la ciudad india de Agra? Taj Mahal
43%
¿Qué pais es representado en las competiciones de la FIFA por varias selecciones? Reino Unido
42%
¿En qué batalla perdió un brazo Miguel de Cervantes, autor del Quijote? Batalla de Lepanto
41%
¿Qué actor fue Indiana Jones y Han Solo? Harrison Ford
40%
¿Cómo se llama el principal equipo de baloncesto de Indiana (juega en la NBA)? Indiana Pacers
35%
¿Cuál es el río francés conocido por sus castillos? Loira
27%
¿En qué equipo jugaba Johan Cruyff antes de venir a España? Ajax de Amsterdam
26%
¿Qué rey español consiguió la corona tras la guerra de sucesión española? Felipe V
25%
¿En qué ciudad alemana se celebró el proceso en el que se juzgó a los líderes nazis supervivientes? Núremberg
23%
¿Quién fue el director de películas como Vértigo, La Soga o El Hombre que Sabía demasiado? Alfred Hitchcock
22%
¿Cómo se llama el faro más antiguo del mundo que funciona? Torre de Hércules
20%
Burro en español es un animal, pero ¿qué significa "burro" en italiano? Mantequilla
14%
¿Qué selección de baloncesto consiguió derrotar por primera vez a Estados Unidos en unas olimpiadas (Munich 1972)? Unión soviética
9%
¿Quién fue el autor del poema El Paraíso Perdido? John MIlton
6%
¿Quién dirigió la película El Acorazado Potemkin? Serguei Eisenstein
5%
No se encontraron pruebas coincidentes
Distribución de puntuación
Porcentaje de gente con cada puntuación
Porcentaje por número respondido
Historial de tus puntuaciones
No has intentado esta prueba.